Amending a commercial lease (Record no. 110482)
[ view plain ]
| 000 -LEADER | |
|---|---|
| fixed length control field | 01588cam a22002655a 4500 |
| 001 - CONTROL NUMBER | |
| control field | L149392 |
| 008 - FIXED-LENGTH DATA ELEMENTS--GENERAL INFORMATION | |
| fixed length control field | 100301s2010 xxk f 000 0 eng d |
| 020 ## - INTERNATIONAL STANDARD BOOK NUMBER | |
| International Standard Book Number | 9781847663481 |
| 035 ## - SYSTEM CONTROL NUMBER | |
| System control number | (Sirsi) u149392 |
| 041 0# - LANGUAGE CODE | |
| Language code of text/sound track or separate title | eng |
| 100 1# - MAIN ENTRY--PERSONAL NAME | |
| Personal name | Bamford, Karl |
| 245 00 - TITLE STATEMENT | |
| Title | Amending a commercial lease |
| 250 ## - EDITION STATEMENT | |
| Edition statement | 4th ed. |
| 260 ## - PUBLICATION, DISTRIBUTION, ETC. | |
| Place of publication, distribution, etc. | Haywards Heath |
| Name of publisher, distributor, etc. | Tottel |
| Date of publication, distribution, etc. | 2010 |
| 300 ## - PHYSICAL DESCRIPTION | |
| Extent | xxxvi, 280p. |
| Dimensions | 24cm. |
| 350 ## - PRICE (NR) (BK AM CF MU VM SE) [OBSOLETE] | |
| Price | 95 |
| 505 2# - FORMATTED CONTENTS NOTE | |
| Formatted contents note | Preface -- Table of statutes -- Table of statutory instruments -- Table of cases -- Note on the code of practice -- The code of leasing business premises in England and Wales 2007 -- A code of practice for commercial leases in England and Wlaes (second edition) -- Lease -- Lease rent deposit deed -- RPI rent review clause. |
| 520 ## - SUMMARY, ETC. | |
| Summary, etc. | This is the up to date resource on amending a commerical lease. It gives practical advice on indentifying potential amendments, negotiating the best possible lease terms for a client, negotiating tips and assisting practitioners to develop negotiating tactics and arguments. Takes into account recent developments and case law. Includes coverage of the code for leasing business premises in England and Wales 2007, a sample lease rent deposit deed and a speciment retail index review clause. |
| 521 ## - TARGET AUDIENCE NOTE | |
| Target audience note | Advanced |
| 651 #4 - SUBJECT ADDED ENTRY--GEOGRAPHIC NAME | |
| Geographic name | England and Wales |
| Chronological subdivision | 1543- |
| 690 ## - LOCAL SUBJECT ADDED ENTRY--TOPICAL TERM (OCLC, RLIN) | |
| Topical term or geographic name as entry element | PROPERTY-COMMERCIAL PROPERTY-COMMERCIAL LANDLORD AND TENANT-COMMERCIAL LEASES |
| 690 ## - LOCAL SUBJECT ADDED ENTRY--TOPICAL TERM (OCLC, RLIN) | |
| Topical term or geographic name as entry element | PROPERTY-COMMERCIAL PROPETY-LEASEHOLD COMMERCIAL PROPERTY-COMMERCIAL LANDLORD AND TENANT-COMMERCIAL SERVICE CHARGES |
| 942 ## - ADDED ENTRY ELEMENTS (KOHA) | |
| Suppress in OPAC | 0 |
| Withdrawn status | Lost status | Source of classification or shelving scheme | Damaged status | Not for loan | Home library | Current library | Shelving location | Date acquired | Total Checkouts | Full call number | Barcode | Date last seen | Copy number | Price effective from | Koha item type |
|---|---|---|---|---|---|---|---|---|---|---|---|---|---|---|---|
| Dewey Decimal Classification | London | London | Books | 18/05/2010 | 346.4104343BAM | 30075422 | 06/08/2019 | 1 | 06/08/2019 | Book |